000 01887nam a2200265Ia 4500
008 260220t1980||||xx |||||||||||||| ||spa||
040 _aPY-SlUNAC
_bspa
_erda
041 _aspa
082 _a511.7
_bD395m
100 _aDemidowitsch, B.P
_eAutor
245 0 _aMétodos numéricos de análisis /
_cpor B.P Demidowitsch [Autor]; I.A. Maron [Autor] y E.S. Schuwalowa [Autor]
264 _aMadrid :
_bParaninfo,
_c℗1980.
300 _a1 volumen
520 _aEl libro "Métodos numéricos de análisis" de B.P. Demidowitsch es una obra fundamental que aborda diversas técnicas y algoritmos utilizados para resolver problemas matemáticos que no pueden solucionarse analíticamente. A lo largo de sus capítulos, el autor presenta una variedad de métodos numéricos, incluyendo la interpolación, la integración, la resolución de ecuaciones diferenciales y la optimización. Cada técnica se desarrolla de manera sistemática, comenzando con los principios teóricos que la sustentan y avanzando hacia la implementación práctica, con ejemplos que ilustran su aplicación en problemas reales. Además, el texto incluye discusiones sobre la precisión y la estabilidad de los métodos, así como consideraciones sobre la eficiencia computacional. A través de un enfoque riguroso y accesible, Demidowitsch logra que el contenido sea útil tanto para estudiantes como para profesionales que requieran un entendimiento sólido de los métodos numéricos en el análisis matemático y su aplicación en diversas disciplinas científicas.
653 _aAnálisis matemático
653 _aMatemáticas
653 _aMétodos numéricos
700 _aMaron, I.A.
_eAutor
700 _aSchuwalowa, E.S.
_eAutor
942 _b2026/02/17
_cBK
999 _c7425
_d7425